| 000 | 01501nam a2200397Ic 4500 | ||
|---|---|---|---|
| 001 | 58122 | ||
| 003 | CO-BoRNBP | ||
| 005 | 20250815223417.0 | ||
| 007 | ta | ||
| 008 | 180815s2017 sp a g 000 0 spa | ||
| 020 | _a9788434419193 | ||
| 040 |
_aCO-BoRNBP _bspa _erda _cCO-BoRNBP |
||
| 041 | _aspa | ||
| 082 | 0 | 4 |
_a002 _bC17e |
| 100 |
_aCasati, Roberto, _d1961- _eaut _962496 |
||
| 245 | 1 | 0 |
_aElogio del papel : _bcontra el colonialismo digital / _cRoberto Casati ; ilustraciones Franco Matticchio ; traductor Jorge Paredes. |
| 250 |
_aPrimera edición _bsegunda impresión |
||
| 264 | 1 |
_aMadrid, España : _bAriel, _c2017 |
|
| 300 | _a223 páginas | ||
| 336 |
_atexto _btxt _2rdacontent |
||
| 337 |
_asin mediación _bn _2rdamedia |
||
| 338 |
_avolumen _bnc _2rdacarrier |
||
| 500 | _aIncluye datos biográficos del autor biográficos del autor en la solapa | ||
| 521 | _aRecomendado para público adulto | ||
| 534 | _tContro il colonialismo digitale | ||
| 650 | 0 | 7 |
_aConservación y restauración de libros _xhistoria _2lemb _962497 |
| 650 | 0 | 4 |
_aEnsayos italianos _ysiglo xx _2LEMB _962498 |
| 650 | 0 | 7 |
_aLibros y lectura _vensayos, conferencias, etc _2LEMB _962499 |
| 650 | 0 | 7 |
_aLibros _xhistoria _vfotografías _2LEMB _962500 |
| 650 | 0 | 7 |
_aTecnología y civilización _vensayos, conferencias, etc _2lemb _962501 |
| 655 |
_aFotografías _9324691 |
||
| 655 |
_aEnsayos, conferencias, etc. _9324677 |
||
| 700 |
_aMatticchio, Franco _962502 |
||
| 700 |
_aParedes, Jorge _962503 |
||
| 942 |
_2ddc _cBK |
||
| 999 |
_c58122 _d58122 |
||